ਤਿੜਕ / (Record no. 70795)

MARC details
000 -LEADER
fixed length control field 00939nam a22002417a 4500
005 - DATE AND TIME OF LATEST TRANSACTION
control field 20130506120711.0
008 - FIXED-LENGTH DATA ELEMENTS--GENERAL INFORMATION
fixed length control field 090728t xxu||||| |||| 00| 0 pun d
010 ## - LCCN (DPL NO)
LC control number PUN-7384 B-493759-763
020 ## - INTERNATIONAL STANDARD BOOK NUMBER
Terms of availability 120.00
International Standard Book Number 8180870855
035 ## - SYSTEM CONTROL NUMBER
System control number PN-6502 B-493759-763
037 ## - SOURCE OF ACQUISITION
Source of stock number/acquisition DBAD / PUB/Chetna Prakshan
037 ## - SOURCE OF ACQUISITION
Source of stock number/acquisition BPPD/Allied Pub
040 ## - CATALOGING SOURCE
Original cataloging agency dpl
Language of cataloging PN
082 ## - DEWEY DECIMAL CLASSIFICATION NUMBER
Classification number
100 ## - MAIN ENTRY--PERSONAL NAME
9 (RLIN) 37323
Personal name ਦਲਬੀਰ ਸਿੰਘ ਮਹਿਮੀ
245 ## - TITLE STATEMENT
Title ਤਿੜਕ /
Statement of responsibility, etc ਦਲਬੀਰ ਸਿੰਘ ਮਹਿਮੀ
246 ## - VARYING FORM OF TITLE
Title proper/short title Tirk
Remainder of title by Dalbir Singh Mehmi
260 ## - PUBLICATION, DISTRIBUTION, ETC. (IMPRINT)
Place of publication, distribution, etc Amritsar
Name of publisher, distributor, etc Prerna Prakashan
Date of publication, distribution, etc 2012
270 ## - ADDRESS
Address 220, Green Park Colony
City Amritsar
Telephone number 096460-24321
300 ## - PHYSICAL DESCRIPTION
Extent 144ਪਂ;
Other physical details 21ਸੇਂਮੀ(ਸਜਿਲਦ)
942 ## - ADDED ENTRY ELEMENTS (KOHA)
Source of classification or shelving scheme Dewey Decimal Classification
Item type Punjabi Bks
Classification part
Call number suffix ਦਲਬੀ
Holdings
Withdrawn status Lost status Source of classification or shelving scheme Damaged status Not for loan Collection code Home library Current library Date acquired Source of acquisition Cost, normal purchase price Total Checkouts Full call number Barcode Date last seen Copy number Cost, replacement price Koha item type Total Renewals Checked out
    Dewey Decimal Classification     Fiction Central Library Central Library 06/05/2013 BPPD/161/21.2.13/1775/6.3.13/13.3.13 120.00   ਕ ਦਲਬੀ B-493759 06/05/2013 1 120.00 Punjabi Bks    
    Dewey Decimal Classification     Fiction D.B.Act.Division D.B.Act.Division 10/10/2012 DBAD / PUB 120.00   ਕ ਦਲਬੀ PN-6502 10/10/2012 1 120.00 Punjabi Bks    
    Dewey Decimal Classification     Fiction Karol Bagh Karol Bagh 06/05/2013 BPPD/161/21.2.13/1775/6.3.13/13.3.13 120.00   ਕ ਦਲਬੀ B-493763 06/05/2013 1 120.00 Punjabi Bks    
    Dewey Decimal Classification     Fiction Mobile Library Mobile Library 06/05/2013 BPPD/161/21.2.13/1775/6.3.13/13.3.13 120.00   ਕ ਦਲਬੀ B-493760 06/05/2013 1 120.00 Punjabi Bks    
    Dewey Decimal Classification     Fiction Mobile Library Mobile Library 06/05/2013 BPPD/161/21.2.13/1775/6.3.13/13.3.13 120.00 3 ਕ ਦਲਬੀ B-493761 15/01/2018 1 120.00 Punjabi Bks 1 01/06/2045
    Dewey Decimal Classification     Fiction Vinoba Puri Vinoba Puri 06/05/2013 BPPD/161/21.2.13/1775/6.3.13/13.3.13 120.00   ਕ ਦਲਬੀ B-493762 06/05/2013 1 120.00 Punjabi Bks    

© Delhi Public Library
Hit Counter
free hit counter